Chudoba a jej monitorovanie
Pojem chudoba, chudoba absolútna, chudoba relatívna. Indikátory chudoby. Sociálne vylúčenie. Boj proti chudobe a sociálnemu vylúčeniu..
Na minha lista:
| Autor principal: | |
|---|---|
| Formato: | Capítulo de Livro |
| Idioma: | eslovaco |
| Assuntos: | |
| Tags: |
Sem tags, seja o primeiro a adicionar uma tag!
|
MARC
| LEADER | 00000nla$a2200000$$$4500 | ||
|---|---|---|---|
| 001 | 0110859 | ||
| 005 | 20221129080530.8 | ||
| 041 | 0 | |a slo | |
| 044 | |a SK | ||
| 245 | 1 | 0 | |a Chudoba a jej monitorovanie |c Peter Sika |
| 520 | |a Pojem chudoba, chudoba absolútna, chudoba relatívna. Indikátory chudoby. Sociálne vylúčenie. Boj proti chudobe a sociálnemu vylúčeniu.. | ||
| 610 | 2 | 0 | |a chudoba |
| 610 | 2 | 0 | |a meranie |
| 610 | 2 | 0 | |a vylúčenie sociálne |
| 610 | 2 | 0 | |a politika sociálna |
| 100 | 1 | |a Sika, Peter, 1975- | |